[Event "Open"]
[Site "Baku AZE"]
[Date "2010.08.25"]
[Round "3"]
[White "Smirin,I"]
[Black "Agasiyev,Ka"]
[Result "0-1"]
[WhiteElo "2646"]
[BlackElo "2203"]

1.e4 c5 2.Nf3 Nc6 3.Bb5 g6 4.c3 Bg7 5.d4 Qb6 6.a4 cxd4 7.O-O a6 8.Bxc6 dxc6
9.a5 Qc7 10.cxd4 Bg4 11.Be3 Nf6 12.h3 Bxf3 13.Qxf3 O-O 14.Nc3 e5 15.d5 cxd5
16.exd5 Nd7 17.Rfd1 Qd6 18.Ne4 Qb4 19.Qg4 Qe7 20.d6 Qe8 21.Nc3 f5 22.Qc4+ Qf7
23.Nd5 Kh8 24.Rac1 f4 25.Bb6 f3 26.g3 Qf5 27.Qg4 Nxb6 28.Nxb6 Rad8 29.Rc7 Rxd6
30.Rdc1 e4 31.Nc4 Rd3 32.Qxf5 gxf5 33.Rxb7 Bd4 34.Kf1 Rc8 35.b3 Rd2 36.Rd7 Rxf2+
37.Ke1 Rg2  0-1

[Event "Open"]
[Site "Baku AZE"]
[Date "2010.08.27"]
[Round "5"]
[White "Smirin,I"]
[Black "Iskandarov,M"]
[Result "1-0"]
[WhiteElo "2646"]
[BlackElo "2203"]

1.e4 c5 2.Nf3 d6 3.d4 cxd4 4.Nxd4 Nf6 5.Nc3 a6 6.Be2 e6 7.f4 Be7 8.Be3 Nbd7
9.g4 Nc5 10.Bf3 Qc7 11.Qe2 Rb8 12.g5 Ng8 13.a4 b6 14.f5 Bd7 15.fxe6 fxe6
16.O-O h6 17.b4 Nb7 18.Nf5 hxg5 19.Nxg7+ Kd8 20.Bd4 Bf6 21.Qe3 Bxd4 22.Qxd4 Rh7
23.Bg4 d5 24.Rf2 Qd6 25.Raf1 Kc7 26.exd5 Nc5 27.bxc5 bxc5 28.Nxe6+ Bxe6 29.Qe4 Nf6
30.Qxe6  1-0

[Event "Open"]
[Site "Baku AZE"]
[Date "2010.08.29"]
[Round "7"]
[White "Smirin,I"]
[Black "Allahverdiev,A"]
[Result "1-0"]
[WhiteElo "2646"]
[BlackElo "2410"]

1.e4 e5 2.Nf3 Nc6 3.Bb5 a6 4.Ba4 Nf6 5.O-O Be7 6.Re1 b5 7.Bb3 d6 8.c3 O-O
9.h3 Nb8 10.d4 Nbd7 11.c4 Bb7 12.Nc3 c6 13.a3 h6 14.Be3 Re8 15.Ba2 Rb8 16.b4 exd4
17.Nxd4 Bf8 18.Nf5 Ne5 19.c5 dxc5 20.Bxc5 Bc8 21.Nd6 Bxd6 22.Bxd6 Ra8 23.Qd4 Ng6
24.Rad1 Nh5 25.e5 Nhf4 26.Re3 a5 27.Bb1 axb4 28.axb4 Be6 29.Be4 Ra6 30.Kh2 Qh4
31.Rg3 Rd8 32.Bxg6 Nxg6 33.Ne4 Qh5 34.Nc5 Ra2 35.Nxe6 fxe6 36.Rc1 Nh4 37.Rxc6 Nf5
38.Qb6 Rda8 39.Rg4 Qe8 40.Rc7 g5 41.Re4 Rd2 42.Re1 Rd3 43.Rec1 Rd8 44.Qb7 Nxd6
45.Rg7+ Kf8 46.exd6  1-0

[Event "Open"]
[Site "Baku AZE"]
[Date "2010.08.30"]
[Round "8"]
[White "Safarli,E"]
[Black "Smirin,I"]
[Result "1/2-1/2"]
[WhiteElo "2603"]
[BlackElo "2646"]

1.e4 c5 2.Nf3 e6 3.d4 cxd4 4.Nxd4 a6 5.Bd3 Bc5 6.Nb3 Be7 7.Qg4 g6 8.Qe2 d6
9.Be3 Nd7 10.N1d2 Qc7 11.O-O-O b5 12.g4 Ngf6 13.f4 Bb7 14.Kb1 Rc8 15.Rhf1 Nb6
16.f5 Nc4 17.g5 Nxe3 18.Qxe3 Ng4 19.Qh3 Ne5 20.fxg6 Nxg6 21.e5 Nxe5 22.g6 fxg6
23.Nd4 Nxd3 24.cxd3 e5 25.Ne6 Qd7 26.Ng7+ Kd8 27.Ne6+ Ke8 28.Ng7+  1/2-1/2

[Event "Open"]
[Site "Baku AZE"]
[Date "2010.08.31"]
[Round "9"]
[White "Smirin,I"]
[Black "Esen,B"]
[Result "1/2-1/2"]
[WhiteElo "2646"]
[BlackElo "2518"]

1.e4 c5 2.Nf3 d6 3.d4 cxd4 4.Nxd4 Nf6 5.Nc3 a6 6.Be3 e5 7.Nf3 Qc7 8.a4 Be7
9.a5 O-O 10.Be2 Nc6 11.Bb6 Qb8 12.Nd5 Nxe4 13.Ra4 Bf5 14.Bd3 Nc5 15.Bxc5 Bxd3
16.cxd3 dxc5 17.Nb6 Qc7 18.Nxa8 Rxa8 19.O-O Nxa5 20.Nxe5 Qxe5 21.Rxa5 Qxb2
22.Ra1 Qd4 23.Qf3 Qd7 24.Rfe1 a5 25.Qe4 Bf8 26.Rab1 Ra7 27.Qe8 Qxe8 28.Rxe8 a4
29.d4 g6  1/2-1/2

[Event "39th Olympiad Men"]
[Site "Khanty-Mansiysk RUS"]
[Date "2010.09.29"]
[Round "8"]
[White "Smirin,I"]
[Black "Giri,A"]
[Result "1/2-1/2"]
[WhiteElo "2657"]
[BlackElo "2677"]

1.e4 e5 2.Nf3 Nf6 3.Nxe5 d6 4.Nf3 Nxe4 5.d4 d5 6.Bd3 Be7 7.O-O Nc6 8.Re1 Bg4
9.c4 Nf6 10.Nc3 Bxf3 11.Qxf3 Nxd4 12.Qd1 dxc4 13.Bxc4 c5 14.Qa4+ Qd7 15.Qxd7+ Kxd7
16.Be3 Rhd8 17.Bxd4 cxd4 18.Bb5+ Kd6 19.Rad1 Kc5 20.Re5+ Kd6 21.Ree1 Kc5
22.Re5+  1/2-1/2

[Event "Chigorin Mem Classic Open"]
[Site "St Petersburg RUS"]
[Date "2010.10.28"]
[Round "1"]
[White "Dolzhikova,K"]
[Black "Smirin,I"]
[Result "0-1"]
[WhiteElo "2298"]
[BlackElo "2657"]

1.e4 c5 2.Nf3 d6 3.d4 cxd4 4.Qxd4 a6 5.c4 Nf6 6.Nc3 e6 7.Be3 Nbd7 8.h3 Qc7
9.Be2 b6 10.O-O Bb7 11.b4 Be7 12.Rfc1 O-O 13.Nd2 Rac8 14.a4 Qb8 15.Nb3 Qa8
16.Nd2 Ne5 17.Qxb6 Nc6 18.b5 Bd8 19.bxc6 Bxb6 20.cxb7 Qxb7 21.Rcb1 Bxe3 22.Rxb7 Bxd2
23.Nb1 Bf4 24.Bd3 Rb8 25.Ra7 Be5 26.Ra2 Rb3 27.Bc2 Rb6 28.Nd2 Rfb8 29.a5 Rc6
30.Nf3 Bc3 31.c5 d5 32.exd5 Nxd5 33.Ng5 h6 34.Ne4 Be5 35.g3 f5 36.Ba4 Rc7
37.Rxc7 Bxc7 38.Nd6 Kf8 39.Nc4 Rb4 40.Nb6 Nc3 41.Ra1 Nxa4 42.Nxa4 Ke7 43.Nb6 Rb5
44.Rd1 Rxc5 45.Rd7+ Kf6 46.h4 h5 47.Kg2 Rc6 48.Nc8 Bxa5 49.Nd6 Kg6 50.Nf7 Rc7  0-1

[Event "Chigorin Mem Classic Open"]
[Site "St Petersburg RUS"]
[Date "2010.10.29"]
[Round "2"]
[White "Smirin,I"]
[Black "Gorovykh,E"]
[Result "1-0"]
[WhiteElo "2657"]
[BlackElo "2447"]

1.d4 Nf6 2.c4 g6 3.Nc3 Bg7 4.e4 d6 5.Nf3 O-O 6.Be2 e5 7.Be3 Nbd7 8.O-O Re8
9.d5 Nh5 10.Re1 Nf4 11.Bf1 Nf6 12.h3 c5 13.dxc6 bxc6 14.Qd2 Ne6 15.Rad1 Bf8
16.c5 dxc5 17.Qxd8 Nxd8 18.Nxe5 Bxh3 19.Nc4 Bc8 20.Nd6 Re6 21.Bxc5 Nb7 22.Nxb7 Bxb7
23.Bxf8 Kxf8 24.f3 Ree8 25.Na4 Rad8 26.Nc5 Bc8 27.Kf2 Ke7 28.Ke3 Nd7 29.Nb3 Ne5
30.Nc5 f6 31.Be2 Rxd1 32.Rxd1 Rd8 33.Rc1 h5 34.Rc3 Kd6 35.f4 Nd7 36.Nb3 Re8
37.Bf3 c5 38.Nd2 Nb6 39.e5+ fxe5 40.Ne4+ Ke7 41.Rxc5 exf4+ 42.Kxf4 Rd8 43.Kg5 Bf5
44.Ra5 Nc8 45.Nf6 Bb1 46.Nd5+ Kf7 47.Nf4 Rd2 48.Bd5+ Kg7 49.Be6 Nd6 50.Rxa7+ Kf8
51.b4 Rf2 52.Bd5  1-0

[Event "Chigorin Mem Classic Open"]
[Site "St Petersburg RUS"]
[Date "2010.11.02"]
[Round "6"]
[White "Sokolov,Ivan"]
[Black "Smirin,I"]
[Result "1-0"]
[WhiteElo "2641"]
[BlackElo "2657"]

1.d4 Nf6 2.c4 g6 3.Nc3 d5 4.Bf4 Bg7 5.Rc1 Nh5 6.Be3 dxc4 7.Qa4+ Nc6 8.Nf3 Be6
9.Ng5 Bd7 10.Qxc4 O-O 11.g3 e5 12.d5 Nd4 13.Bg2 Nf5 14.Bd2 Nd6 15.Qb3 Rb8  1-0

[Event "North American Open"]
[Site "Las Vegas USA"]
[Date "2010.12.28"]
[Round "5"]
[White "Smirin,I"]
[Black "Arnold,Mar"]
[Result "1-0"]
[WhiteElo "2654"]
[BlackElo "2425"]

1.e4 c5 2.Nf3 d6 3.d4 cxd4 4.Nxd4 Nf6 5.Nc3 a6 6.f4 Qc7 7.Bd3 e5 8.Nf3 Nbd7
9.O-O Be7 10.Kh1 b5 11.a3 Bb7 12.fxe5 Nxe5 13.Nd4 g6 14.Bh6 Neg4 15.Bg7 Rg8
16.Bxf6 Nxf6 17.a4 b4 18.Nd5 Nxd5 19.exd5 Qc5 20.Be4 Rf8 21.c3 bxc3 22.Rc1 Qa7
23.Rxc3 f5 24.a5 Rf6 25.Bf3 Rc8 26.Rxc8+ Bxc8 27.Nc6 Qc7 28.Re1  1-0

[Event "North American Open"]
[Site "Las Vegas USA"]
[Date "2010.12.29"]
[Round "6"]
[White "Smirin,I"]
[Black "Kacheishvili,G"]
[Result "1/2-1/2"]
[WhiteElo "2654"]
[BlackElo "2575"]

1.e4 c6 2.d4 d5 3.e5 Bf5 4.Nf3 e6 5.Be2 Ne7 6.O-O Bg6 7.Nbd2 Nf5 8.c3 Nd7
9.g4 Ne7 10.Nh4 h5 11.gxh5 Bxh5 12.Bxh5 g6 13.Nxg6 Nxg6 14.Qg4 Rg8 15.Kh1 Bh6
16.Nf3 Bxc1 17.Raxc1 Qe7 18.Bxg6 Rxg6 19.Qf4 Nf8 20.Rg1 Rxg1+ 21.Rxg1 Ng6
22.Qf6 Kd7 23.h4 Qxf6 24.exf6 Rh8 25.Rg4 Rh5 26.Rg5 Rh6 27.h5 Nf4 28.Ne5+ Kc7
29.Nxf7 Rxf6 30.Ne5 Rh6 31.Rg7+ Kc8 32.Kh2 Nxh5 33.Re7 Ng7+ 34.Kg2 Nf5 35.Re8+ Kc7
36.Kf3 Rf6 37.Kg4 Nxd4 38.cxd4 Rxf2 39.Re7+ Kb6 40.Nd7+ Kb5 41.Nc5 Kc4 42.Rxb7 e5
43.Kg3 Rc2 44.Na4 exd4 45.Rxa7 Kb4 46.Kf3 Rh2 47.Kf4 Re2 48.Kf3 Rh2 49.Ra6 Kb5
50.Ra8 Kb4 51.Ra7 Rc2 52.Ra8  1/2-1/2

[Event "Nakhchivan Open"]
[Site "Nakhchivan AZE"]
[Date "2011.04.24"]
[Round "2.6"]
[White "Abasov,N"]
[Black "Smirin,I"]
[Result "1/2-1/2"]
[WhiteElo "2504"]
[BlackElo "2658"]

1.d4 Nf6 2.c4 g6 3.Nc3 Bg7 4.e4 d6 5.Nf3 O-O 6.Be2 e5 7.O-O Nc6 8.Be3 Ng4
9.Bg5 f6 10.Bc1 f5 11.Bg5 Qe8 12.Nb5 Rf7 13.exf5 gxf5 14.h3 Nf6 15.c5 a6
16.Nxc7 Rxc7 17.cxd6 Rf7 18.Bxf6 Rxf6 19.Bc4+ Be6 20.d5 Na5 21.dxe6 Nxc4
22.Ng5 Nxd6 23.Qxd6 h6 24.Nf3  1/2-1/2

[Event "Nakhchivan Open"]
[Site "Nakhchivan AZE"]
[Date "2011.04.25"]
[Round "3,5"]
[White "Smirin,I"]
[Black "Guseinov,G"]
[Result "1/2-1/2"]
[WhiteElo "2658"]
[BlackElo "2584"]

1.d4 Nf6 2.c4 g6 3.Nc3 Bg7 4.e4 d6 5.Nf3 O-O 6.Be2 c5 7.O-O cxd4 8.Nxd4 Nc6
9.Be3 Nxd4 10.Bxd4 Bd7 11.Qd2 Bc6 12.f3 Nd7 13.Be3 a5 14.b3 Nc5 15.Rab1 e6
16.Rfd1 Be5 17.Qe1 Qf6 18.Rbc1 Rad8 19.Bf1 Bf4 20.Bxf4 Qxf4 21.Kh1 b6 22.Ne2 Qe5
23.Nd4 Bb7 24.a3 d5 25.exd5 Qxe1  1/2-1/2

[Event "Nakhchivan Open"]
[Site "Nakhchivan AZE"]
[Date "2011.04.26"]
[Round "4"]
[White "Guramishvili,S"]
[Black "Smirin,I"]
[Result "0-1"]
[WhiteElo "2334"]
[BlackElo "2658"]

1.d4 Nf6 2.c4 g6 3.Nc3 Bg7 4.e4 d6 5.Be2 O-O 6.Be3 e5 7.Nf3 Nbd7 8.O-O Qe7
9.dxe5 dxe5 10.Nd5 Qd8 11.Qc2 Ng4 12.Bg5 f6 13.Bh4 c6 14.Nc3 Nc5 15.b4 Ne6
16.Rfd1 Qe7 17.c5 Nf4 18.Nd2 Nh6 19.Nc4 Nxe2+ 20.Qxe2 Be6 21.f3 Nf7 22.a4 a5
23.Bf2 axb4 24.Nb1 f5 25.Nbd2 Ng5 26.Rdb1 fxe4 27.fxe4 Rxf2 28.Kxf2 Qxc5+
29.Qe3 Nxe4+ 30.Nxe4 Qxc4 31.Rd1 Bd5 32.Nc5 b3  0-1

[Event "Nakhchivan Open"]
[Site "Nakhchivan AZE"]
[Date "2011.04.27"]
[Round "5"]
[White "Smirin,I"]
[Black "Abbasov,F"]
[Result "1-0"]
[WhiteElo "2658"]
[BlackElo "2543"]

1.e4 c6 2.d4 d5 3.e5 Bf5 4.Nf3 e6 5.Be2 Nd7 6.O-O Ne7 7.Nbd2 Bg6 8.Nh4 c5
9.c3 Nc6 10.Nxg6 hxg6 11.Nf3 cxd4 12.cxd4 Be7 13.a3 a5 14.g3 O-O 15.h4 Qb6
16.b3 Rfc8 17.Kg2 Na7 18.Qd3 Qc6 19.Ra2 a4 20.bxa4 Qxa4 21.h5 gxh5 22.Rh1 g6
23.Qe3 Kf8 24.g4 Ke8 25.gxh5 gxh5 26.Rxh5 Nf8 27.Bd3 b5 28.Qd2 Nc6 29.Rb2 Rab8
30.Rb1 Na5 31.Qe2 Nc4 32.Ng5 Rb7 33.Qf3 Bxg5 34.Rxg5 Qa7 35.Rg8 Qxd4 36.Bxc4 Rxc4
37.Bh6 Kd7 38.Rxf8 Qxe5 39.Qxf7+  1-0

[Event "Nakhchivan Open"]
[Site "Nakhchivan AZE"]
[Date "2011.04.28"]
[Round "6"]
[White "Korobov,A"]
[Black "Smirin,I"]
[Result "0-1"]
[WhiteElo "2647"]
[BlackElo "2658"]

1.d4 Nf6 2.c4 g6 3.Nc3 Bg7 4.e4 d6 5.Nf3 O-O 6.Be2 e5 7.O-O Nc6 8.d5 Ne7
9.b4 a5 10.Ba3 b6 11.bxa5 Nh5 12.Re1 f5 13.Nd2 Nf6 14.Nb3 fxe4 15.Bb4 bxa5
16.Bxa5 Nf5 17.Nb5 e3 18.fxe3 Bh6 19.Bd2 Bxe3+ 20.Bxe3 Nxe3 21.Qd2 Nf5 22.a4 Bd7
23.Bd3 Qb8 24.Kh1 Ng4 25.Rf1 Qd8 26.Bxf5 gxf5 27.h3 Nf6 28.Qg5+ Kh8 29.Qh4 f4
30.Nd2 Bf5 31.a5 Qd7 32.Nc3 Qg7 33.a6 Rg8 34.Rg1 Bg6 35.Kh2 Nh5 36.Nde4 Bxe4
37.Nxe4 Qg6 38.Qe1 Rgb8 39.Qe2 Rb3 40.a7 Rb7 41.Rgb1 Rxb1 42.Rxb1 Rxa7 43.Qg4 Kg7
44.Rb8 Qxg4 45.hxg4 Nf6 46.Ng5 Nxg4+ 47.Kh3 Nf2+ 48.Kh4 Ra1 49.Rb7 Rh1+ 50.Nh3 Kf6
51.Rxc7 e4 52.Rxh7 Nxh3 53.gxh3 e3 54.Rh6+ Kf5 55.Re6  0-1

[Event "Nakhchivan Open"]
[Site "Nakhchivan AZE"]
[Date "2011.04.30"]
[Round "8"]
[White "Turov,M"]
[Black "Smirin,I"]
[Result "1/2-1/2"]
[WhiteElo "2635"]
[BlackElo "2658"]

1.d4 Nf6 2.c4 g6 3.Nf3 Bg7 4.g3 O-O 5.Bg2 d6 6.O-O Nc6 7.Nc3 Bf5 8.Ne1 Bd7
9.e4 e5 10.d5 Nd4 11.Nc2 Re8 12.Be3 Ng4 13.Nxd4 Nxe3 14.fxe3 exd4 15.exd4 c6
16.dxc6 bxc6 17.Qd2 c5 18.dxc5 dxc5  1/2-1/2

[Event "IX Gyorgy Marx Mem"]
[Site "Paks HUN"]
[Date "2011.06.17"]
[Round "1"]
[White "Berkes,F"]
[Black "Smirin,I"]
[Result "1/2-1/2"]
[WhiteElo "2693"]
[BlackElo "2661"]

1.d4 Nf6 2.c4 g6 3.g3 c6 4.Nc3 d5 5.cxd5 cxd5 6.Nh3 Bg7 7.Nf4 O-O 8.Bg2 Nc6
9.O-O e6 10.Re1 Bd7 11.e3 Rc8 12.Nd3 b6 13.Bd2 Ne8 14.Re2 Nd6 15.Be1 Re8
16.Rc2 Re7 17.Rac1 Be8 18.b3 Rec7 19.Bf1 Bf8 20.g4 Ne7 21.Nb4 a5 22.Nd3 Ne4
23.f3 Nxc3 24.Rxc3 Rxc3 25.Rxc3 Rxc3 26.Bxc3 Nc6  1/2-1/2

[Event "IX Gyorgy Marx Mem"]
[Site "Paks HUN"]
[Date "2011.06.18"]
[Round "2"]
[White "Smirin,I"]
[Black "Acs,Peter"]
[Result "1-0"]
[WhiteElo "2661"]
[BlackElo "2606"]

1.e4 e5 2.Nf3 Nc6 3.Bb5 a6 4.Ba4 Nf6 5.O-O Be7 6.Re1 b5 7.Bb3 d6 8.c3 O-O
9.h3 Na5 10.Bc2 c5 11.d4 Nd7 12.Nbd2 exd4 13.cxd4 Nc6 14.d5 Nce5 15.Nh2 Ng6
16.a4 Rb8 17.axb5 axb5 18.Ndf3 Re8 19.Bd2 Bf6 20.Ba5 Qe7 21.e5 Ndxe5 22.Nxe5 Bxe5
23.Nf3 Qf6 24.Bd2 h6 25.Nxe5 dxe5 26.Bxg6 Qxg6 27.Ra3 Qd6 28.Qh5 Qxd5 29.Bxh6 Rb6
30.Rg3 g6 31.Rd1 Qe4 32.Be3 Rc6 33.Qg5 c4 34.h4 b4 35.h5 c3 36.bxc3 b3 37.Rd8 Re6
38.hxg6 fxg6 39.Rxe8+ Rxe8 40.Qf6 Re6 41.Qd8+ Kf7 42.Rh3 Re8 43.Rh7+ Kg8
44.Qxe8+ Kxh7 45.Qf7+ Kh8 46.Bg5  1-0

[Event "IX Gyorgy Marx Mem"]
[Site "Paks HUN"]
[Date "2011.06.19"]
[Round "3"]
[White "Bologan,V"]
[Black "Smirin,I"]
[Result "0-1"]
[WhiteElo "2678"]
[BlackElo "2661"]

1.d4 Nf6 2.c4 g6 3.g3 c6 4.Bg2 d5 5.Nf3 Bg7 6.Ne5 Ne4 7.O-O Nd7 8.cxd5 cxd5
9.Qb3 Nxe5 10.dxe5 O-O 11.Be3 Be6 12.Bd4 Qc7 13.f3 Nc5 14.Qe3 Na6 15.Nc3 Nb4
16.Rac1 Nc6 17.f4 Qa5 18.Rfd1 Rfd8 19.a3 Rac8 20.b4 Qxa3 21.Nxd5 Qa4 22.Nc3 Qxb4
23.Bc5 Rxd1+ 24.Rxd1 Qa5 25.Rb1 Nxe5 26.Bb4 Nc4 27.Qxe6 fxe6 28.Bxa5 Nxa5
29.Ne4 h6 30.h4 Rc4 31.e3 Kf7 32.Rd1 Bb2 33.Rd8 Bc1 34.Kf2 Rc2+ 35.Kf3 Nc4
36.Rd7 Nxe3 37.Bh3 Nf5 38.Rxb7 Ra2 39.Bxf5 exf5 40.Nd6+ Kf6 41.Nc8 Bb2 42.g4 fxg4+
43.Kxg4 h5+ 44.Kf3 Bd4 45.Nxe7 Ra3+ 46.Ke4 Bc5 47.Nc6 Ra4+ 48.Kd5 Be3 49.Re7 Rd4+
50.Nxd4 Kxe7 51.Nc6+ Kf6 52.Ke4 Bf2 53.Kf3 Bb6 54.Nb4 Kf5 55.Nc6 Bc5 56.Na5 a6
57.Nc6 Bd6 58.Nd4+ Kf6 59.Nc6 Ke6 60.Ke4 Bc7 61.Nd4+ Kf6 62.Nb3 a5 63.Nc5 Bd6
64.Na4 Bb4 65.Nb6 Be1 66.Nd7+ Kg7 67.f5 a4 68.Nc5 a3 69.Nb3 a2 70.Na1 Bxh4
71.fxg6 Kxg6 72.Nc2 Bf6 73.Kf4 h4 74.Kg4 Kf7 75.Kh3 Ke6 76.Kg4 Ke5  0-1

[Event "IX Gyorgy Marx Mem"]
[Site "Paks HUN"]
[Date "2011.06.21"]
[Round "5"]
[White "Salgado Lopez,I"]
[Black "Smirin,I"]
[Result "0-1"]
[WhiteElo "2623"]
[BlackElo "2661"]

1.e4 c5 2.Nf3 e6 3.d4 cxd4 4.Nxd4 a6 5.Bd3 Bc5 6.Nb3 Ba7 7.O-O Nc6 8.Qg4 Nf6
9.Qxg7 Rg8 10.Qh6 Ne5 11.Be2 d5 12.Bg5 Neg4 13.Bxf6 Nxf6 14.exd5 Qxd5 15.g3 Qe5
16.Nc3 Bd7 17.Bf3 O-O-O 18.Rad1 Rxg3+ 19.hxg3 Qxg3+ 20.Bg2 Rg8 21.Qh2 Bc6
22.Qxg3 Rxg3 23.Nd5 Bxd5 24.Rxd5 Nxd5 25.Kh1 Rg5 26.Nd2 Nf4 27.Bf3 f5 28.Nc4 Nh3
29.Nd6+ Kc7 30.Nxb7 Nxf2+ 31.Kh2 e5 32.Na5 e4 33.Be2 f4  0-1

[Event "IX Gyorgy Marx Mem"]
[Site "Paks HUN"]
[Date "2011.06.24"]
[Round "7"]
[White "Acs,Peter"]
[Black "Smirin,I"]
[Result "1/2-1/2"]
[WhiteElo "2606"]
[BlackElo "2661"]

1.e4 c5 2.Nf3 e6 3.d4 cxd4 4.Nxd4 a6 5.Bd3 Bc5 6.Nb3 Ba7 7.Qg4 Nf6 8.Qg3 d6
9.Nc3 Nc6 10.O-O b5 11.Bg5 Ne5 12.Kh1 h6 13.Bd2 g5 14.Ne2 g4 15.f4 gxf3 16.gxf3 Bd7
17.Bc3 Nxd3 18.cxd3 e5 19.Qh4 Nh7 20.Qg3 Nf6 21.Qh4 Nh7 22.Qg3 Nf6 23.Qh4  1/2-1/2

[Event "IX Gyorgy Marx Mem"]
[Site "Paks HUN"]
[Date "2011.06.25"]
[Round "8"]
[White "Smirin,I"]
[Black "Bologan,V"]
[Result "1/2-1/2"]
[WhiteElo "2661"]
[BlackElo "2678"]

1.e4 c6 2.d4 d5 3.Nd2 dxe4 4.Nxe4 Nd7 5.Ng5 Ngf6 6.Bd3 e6 7.Qe2 Bd6 8.N1f3 h6
9.Ne4 Nxe4 10.Qxe4 Qc7 11.Bd2 b6 12.O-O-O Bb7 13.Qe2 O-O-O 14.Ba6 Rhe8 15.Kb1 Bxa6
16.Qxa6+ Kb8 17.Rhe1 e5 18.dxe5 Nxe5 19.Nxe5 Bxe5 20.Qc4 Re6 21.Bc3 Bxc3
22.Qxc3 g5 23.Rxd8+ Qxd8 24.b3 Rxe1+ 25.Qxe1 Kc7 26.Qe5+ Qd6 27.Qg7 Qe6  1/2-1/2

[Event "IX Gyorgy Marx Mem"]
[Site "Paks HUN"]
[Date "2011.06.26"]
[Round "9"]
[White "Smirin,I"]
[Black "Salgado Lopez,I"]
[Result "1/2-1/2"]
[WhiteElo "2661"]
[BlackElo "2623"]

1.e4 c5 2.Nf3 e6 3.d3 Nc6 4.g3 g6 5.Bg2 Bg7 6.O-O Nge7 7.c3 d5 8.Qe2 O-O
9.e5 b6 10.h4 Ba6 11.Re1 Qd7 12.Nbd2 f6 13.exf6 Rxf6 14.Bh3 Nf5 15.g4 e5
16.gxf5 e4 17.Ng5 gxf5 18.Ndxe4 dxe4 19.Nxe4 Rg6+ 20.Ng3 Ne5 21.Bg5 Bxd3
22.Qh5 c4 23.f4 Ng4 24.Bxg4 fxg4 25.Rad1 Re6 26.f5 Rxe1+ 27.Rxe1 Bxf5 28.Bh6 Bg6
29.Qg5 Bxh6 30.Qxh6 Rf8 31.Qg5 Rf3 32.Ne4 Kf7 33.Qe5 Bxe4 34.Qxe4 Kg7 35.Qe5+ Kg8
36.Qg5+ Kf7 37.Qh5+ Kg7 38.Qe5+ Kf7 39.Qh5+ Kg7  1/2-1/2

[Event "39th World Open"]
[Site "Philadelphia USA"]
[Date "2011.07.02"]
[Round "4"]
[White "Bercys,S"]
[Black "Smirin,I"]
[Result "0-1"]
[WhiteElo "2468"]
[BlackElo "2661"]

1.d4 Nf6 2.c4 g6 3.Nc3 Bg7 4.e4 d6 5.Nf3 O-O 6.Be2 e5 7.Be3 Nbd7 8.O-O Qe7
9.dxe5 dxe5 10.Nd5 Qd8 11.Qc2 Ng4 12.Bg5 f6 13.Bd2 c6 14.Ne3 Nxe3 15.Bxe3 f5
16.exf5 gxf5 17.Rad1 Qe7 18.Bg5 Qe8 19.c5 e4 20.Nd2 Ne5 21.f3 Qh5 22.Bf4 Be6
23.Rde1 Qg6 24.fxe4 fxe4 25.Qxe4 Bxa2 26.Qb4 Bd5 27.Nf3 Qg4 28.Bd2 Nxf3+
29.Bxf3 Bd4+  0-1

[Event "39th World Open"]
[Site "Philadelphia USA"]
[Date "2011.07.02"]
[Round "5"]
[White "Smirin,I"]
[Black "Robson,R"]
[Result "1/2-1/2"]
[WhiteElo "2661"]
[BlackElo "2545"]

1.e4 c5 2.Nf3 d6 3.d4 cxd4 4.Nxd4 Nf6 5.Nc3 e6 6.f4 Nc6 7.Be3 e5 8.Nf3 Ng4
9.Qd2 Nxe3 10.Qxe3 exf4 11.Qxf4 Be7 12.O-O-O O-O 13.Nd5 Be6 14.Kb1 Rc8 15.Bc4 Bxd5
16.Bxd5 Qb6 17.Rhe1 Bf6 18.Bb3 Ne5 19.Qe3 Qxe3 20.Rxe3 Nxf3 21.Rxf3 Be5 22.Bd5 Rc7
23.Rdf1 g6 24.h3  1/2-1/2

[Event "39th World Open"]
[Site "Philadelphia USA"]
[Date "2011.07.03"]
[Round "6"]
[White "Van Wely,L"]
[Black "Smirin,I"]
[Result "1-0"]
[WhiteElo "2675"]
[BlackElo "2661"]

1.d4 Nf6 2.c4 g6 3.Nc3 Bg7 4.e4 d6 5.Nf3 O-O 6.Be2 e5 7.O-O Nc6 8.d5 Ne7
9.b4 a5 10.Ba3 b6 11.bxa5 Nh5 12.Nb5 Rxa5 13.Bb4 Ra6 14.Nd2 Nf4 15.Re1 Nxe2+
16.Qxe2 f5 17.a4 fxe4 18.Nxe4 Nf5 19.Qd3 Nd4 20.Bd2 Bf5 21.Be3 Nxb5 22.cxb5 Ra7
23.f3 Bf6 24.Qd2 Bxe4 25.fxe4 Qd7 26.Rf1 Raa8 27.Qe2 Bg7 28.Rxf8+ Bxf8 29.Qc2 Ra7
30.Ra3 Qg4 31.Rc3 Be7 32.h3 Qd7 33.Kh2 Bd8 34.Bh6 Be7 35.a5 Bd8 36.axb6 cxb6
37.Rc8 Rc7 38.Qf2 Qe7 39.Ra8 Rd7 40.Qxb6 Qh4  1-0

[Event "39th World Open"]
[Site "Philadelphia USA"]
[Date "2011.07.04"]
[Round "8"]
[White "Molner,M"]
[Black "Smirin,I"]
[Result "0-1"]
[WhiteElo "2464"]
[BlackElo "2661"]

1.e4 c5 2.Nf3 e6 3.d4 cxd4 4.Nxd4 a6 5.Bd3 Bc5 6.Nb3 Ba7 7.Qg4 Nf6 8.Qg3 d6
9.Nc3 Nc6 10.O-O b5 11.Qxg7 Rg8 12.Qh6 Ne5 13.Kh1 Nfg4 14.Qxh7 Kd7 15.h3 Bb7
16.f4 Qf6 17.Qh5 Nxd3 18.cxd3 Nf2+ 19.Rxf2 Bxf2 20.Na5 Rg3 21.Nxb7 Rh8 22.e5 Qg7
23.Ne4 Rxh3+  0-1

[Event "8th World Teams"]
[Site "Ningbo CHN"]
[Date "2011.07.19"]
[Round "3"]
[White "Yu Yangyi"]
[Black "Smirin,I"]
[Result "1/2-1/2"]
[WhiteElo "2672"]
[BlackElo "2676"]

1.e4 c5 2.Nf3 e6 3.d4 cxd4 4.Nxd4 a6 5.Bd3 Bc5 6.Nb3 Be7 7.Qg4 g6 8.Qe2 d6
9.Be3 Nd7 10.N1d2 Ne5 11.f4 Nxd3+ 12.cxd3 Nf6 13.Nc4 b5 14.Nca5 Bd7 15.O-O O-O
16.Rac1 Re8 17.Bd4 Qb8 18.Qf2 b4 19.Nc4 Bb5 20.f5 Bxc4 21.Rxc4 Ng4 22.Qf4 Ne5
23.Nc5 exf5 24.exf5 g5 25.Qg3 Nxc4 26.f6 h6 27.Nd7 Qc8 28.Rf5 Bf8 29.Rxg5+ hxg5
30.Qxg5+ Kh8 31.Qh4+ Kg8 32.Qg5+ Kh8 33.Qh4+ Kg8 34.Qg3+ Kh8 35.Qh3+ Kg8
36.Qg4+ Kh8 37.Qh4+  1/2-1/2

[Event "8th World Teams"]
[Site "Ningbo CHN"]
[Date "2011.07.20"]
[Round "4"]
[White "Smirin,I"]
[Black "Ganguly,S"]
[Result "1/2-1/2"]
[WhiteElo "2676"]
[BlackElo "2627"]

1.e4 e5 2.Nf3 Nc6 3.Bb5 a6 4.Ba4 Nf6 5.O-O b5 6.Bb3 Bc5 7.Nc3 d6 8.Nd5 h6
9.c3 O-O 10.a4 Ba7 11.Nxf6+ Qxf6 12.Bd5 Bd7 13.d4 Bb6 14.Be3 Rab8 15.axb5 axb5
16.dxe5 Nxe5 17.Nxe5 dxe5 18.Bxb6 Qxb6 19.Qh5 c6 20.Ba2 Rbe8 21.Rfd1 Be6
22.Bxe6 Rxe6 23.g3 Rd8 24.Kg2 Ree8 25.Rxd8 Qxd8 26.Rd1 Qe7 27.Qf5 g6 28.Qd7 Qxd7
29.Rxd7 b4 30.Rd6 bxc3 31.bxc3 Rc8 32.c4 c5 33.Rd5 f6 34.Rd7 Kf8 35.g4 g5
36.Kg3 Ke8 37.Rh7 Rd8 38.Rxh6 Kf7 39.Rh7+ Ke6 40.Rc7 Rd3+ 41.f3 Kd6 42.Ra7 Rc3
43.Ra4 Ke6 44.h3 Ke7 45.Kf2 Ke6 46.Ra6+  1/2-1/2

[Event "Baku Open A"]
[Site "Baku AZE"]
[Date "2011.08.06"]
[Round "1"]
[White "Smirin,I"]
[Black "Ali Marandi,C"]
[Result "1-0"]
[WhiteElo "2676"]
[BlackElo "2295"]

1.c4 e5 2.Nc3 Nf6 3.Nf3 Nc6 4.e3 Bb4 5.Qc2 O-O 6.Nd5 Bc5 7.Ng5 g6 8.a3 Nxd5
9.cxd5 Qxg5 10.Qxc5 d6 11.Qc3 Ne7 12.Qxc7 Nxd5 13.Qxd6 Be6 14.d4 exd4 15.e4 Qe7
16.Bf4 Rad8 17.Qxe7 Nxe7 18.Bd3 Nc6 19.Rc1 Rfe8 20.Rc5 Rc8 21.Ke2 f5 22.exf5 b6
23.Rcc1 Bxf5+ 24.Kd2 Bxd3 25.Kxd3 Kf7 26.Rhe1 Rxe1 27.Rxe1 Na5 28.Bg5 Nc6
29.b4 a6 30.Re4 Rc7 31.Rf4+ Ke8 32.Rf6 b5 33.Bf4 Rc8 34.Bd6 Rd8 35.Bc7  1-0

[Event "Baku Open A"]
[Site "Baku AZE"]
[Date "2011.08.07"]
[Round "2"]
[White "Allahverdiev,A"]
[Black "Smirin,I"]
[Result "1-0"]
[WhiteElo "2421"]
[BlackElo "2676"]

1.c4 g6 2.Nc3 Bg7 3.g3 e5 4.Bg2 Nc6 5.Rb1 f5 6.b4 Nf6 7.b5 Ne7 8.d3 h6 9.e4 d6
10.Nge2 O-O 11.O-O Kh8 12.d4 Ng4 13.h3 exd4 14.hxg4 dxc3 15.exf5 h5 16.Nf4 hxg4
17.Ne6 Bxe6 18.fxe6 a6 19.Qxg4 axb5 20.Rxb5 Kg8 21.Bg5 Bf6 22.Bh6 Bg7 23.Bg5 Bf6
24.Bh6 Bg7 25.Bxg7 Kxg7 26.Qd4+ Kg8 27.Qxc3 Rxa2 28.Rxb7 Qc8 29.c5 d5 30.Qb3 Rd2
31.c6 Qd8 32.Qc3 Re2 33.Qa5 Rxe6 34.Qxc7 Qxc7 35.Rxc7 Rd8 36.Rc1 Kf8 37.Bh3 Nf5
38.Rh7 Ke8 39.c7 Rc8 40.Bf1 Nd4 41.Rd1  1-0

[Event "Baku Open A"]
[Site "Baku AZE"]
[Date "2011.08.08"]
[Round "3"]
[White "Smirin,I"]
[Black "Idrisov,T"]
[Result "1-0"]
[WhiteElo "2676"]
[BlackElo "2225"]

1.e4 c5 2.Nf3 d6 3.d4 cxd4 4.Nxd4 Nf6 5.Nc3 a6 6.h3 e5 7.Nde2 Be6 8.g4 d5
9.exd5 Nxd5 10.Bg2 Nxc3 11.Qxd8+ Kxd8 12.Nxc3 Kc7 13.Nd5+ Bxd5 14.Bxd5 f6
15.Be3 Nc6 16.O-O-O Bb4 17.Be4 Rad8 18.Rxd8 Nxd8 19.c3 Be7 20.Rd1 g6 21.f4 Rf8
22.f5 g5 23.h4 h6 24.Rh1 Rh8 25.hxg5 fxg5 26.Bd5 Nc6 27.Kc2 Nb8 28.Kd3 Bf6
29.Be6 Nc6 30.Ke4 Bg7 31.b4 Ne7 32.a4 Bf6 33.Rd1 Nc8 34.Rd7+  1-0

[Event "Baku Open A"]
[Site "Baku AZE"]
[Date "2011.08.09"]
[Round "4"]
[White "Mammadov,A"]
[Black "Smirin,I"]
[Result "1/2-1/2"]
[WhiteElo "2382"]
[BlackElo "2676"]

1.e4 c5 2.Nf3 e6 3.c3 Nf6 4.e5 Nd5 5.d4 cxd4 6.cxd4 b6 7.Nc3 Nxc3 8.bxc3 Qc7
9.Bd2 Bb7 10.Bd3 d6 11.O-O Nd7 12.Re1 dxe5 13.Nxe5 Nxe5 14.Rxe5 Bd6 15.Rh5 g6
16.Rh3 O-O 17.Qg4 f5 18.Qe2 Rae8 19.Bb5 Bc6 20.Bc4 Bd5 21.Bb5 Rc8 22.Ba6 Bc4
23.Bxc4 Qxc4 24.Qxc4 Rxc4 25.a4 Rfc8 26.f4 Kg7 27.Kf1 h6 28.Ke2 g5 29.fxg5 hxg5
30.Bxg5 Rxc3 31.Rxc3 Rxc3 32.Bd2 Rb3 33.g3 a5 34.Rc1 Kf7 35.Rc3 Rb2 36.Kd3 Ke7
37.Rc2 Rb1 38.Rc1 Rb2 39.Rc2  1/2-1/2